Normal view
MARC view
- Epstein,Marc J
Entry Personal Name
001 - CONTROL NUMBER
- control field: 3293
003 - CONTROL NUMBER IDENTIFIER
- control field: JO-AjAnu
005 - DATE AND TIME OF LATEST TRANSACTION
- control field: 20230606070837.0
008 - FIXED-LENGTH DATA ELEMENTS
- fixed length control field: 230606|| aca||aabn | a|a d
040 ## - CATALOGING SOURCE
- Original cataloging agency: JO-AjAnu
- Transcribing agency: JO-AjAnu
100 ## - HEADING--PERSONAL NAME
- Personal name: Epstein,Marc J
670 ## - SOURCE DATA FOUND
- Source citation: Work cat.: (JO-AjAnu)1722: Epstein,Marc J, author, MEASURING CORPORATE ENVIRONMENTAL PERFORMANCE:Best Practices for Costing and Managing an Effective Environmental Strategy